000 00394nam a2200145Ia 4500
008 230917s9999||||xx |||||||||||||| ||und||
040 _e74625
_aMAIN
041 _aEnglish
082 _a658.787 B677L
100 _aBowersox, Donald J
245 0 _aLogistical management: The integrated supply chain process
260 _aNew Delhi
_bTata McGraw-Hill
_c2001
300 _a730 p.
942 _cBK
999 _c112276
_d112276